000 00629nam a2200229Ia 4500
005 20241129111316.0
008 241129s9999||||xx |||||||||||||| ||und||
020 _a978-1-78330-537-7
037 _aTB
040 _aCRL
_beng
_cCRL
041 _aeng
_2eng
084 _a2;18:5 Q6;R2
_qCRL
100 _aCullingford Alison Au.
_9597189
245 0 _aSpecial collections handbook
_cCullingford Alison Au.
250 _a3rd
260 _aLondon, UK
_bFacet Publishing
_c2022
300 _axx,430p.
365 _aUKP
_b65
650 _aLibrary Science
942 _cTB
_h2;18:5 Q6;R2
999 _c1229856
_d1229856